Massage for common ailments

Bibliographic Details
Main Author: Thomas, Sara
Format: Book
Published: London : Gaia Books , 1992
Subjects:

MARC

LEADER 00000cam a2200000 7i4500
001 0000001352
002 000001489
005 20000330.0
020 |a 1856750310 
090 0 0 |a 615.822   |b THO 
100 1 |a Thomas, Sara 
245 1 0 |a Massage for common ailments   |c Sara Thomas 
260 |a London :   |b Gaia Books ,   |c 1992 
300 |a 95p. ;   |c 25cm. 
650 0 0 |a Massage 
999 |a 032725   |b BUKU   |c PINJAMAN   |e PERPUSTAKAAN KOMUNITI PETALING JAYA